| 000 | 00612cam a22002173a 4500 | ||
|---|---|---|---|
| 001 | 23914 | ||
| 003 | PGUSA | ||
| 005 | 20140828083517.0 | ||
| 008 | 071219s2007||||xxu|||||s|||||000 | eng d | ||
| 040 |
_aPGUSA _beng |
||
| 042 | _adc | ||
| 100 | 1 | _aHuangfu, Mei, active 873-910 | |
| 245 | 1 | 0 |
_a山水小牘 _h[electronic resource] / _cMei, active 873-910 Huangfu |
| 260 |
_bProject Gutenberg, _c2007 |
||
| 506 | _aPublic domain in the USA. | ||
| 516 | _aElectronic text | ||
| 740 | 0 | _aShan Shui Xiao Du | |
| 830 | 0 |
_aProject Gutenberg _v23914 |
|
| 856 | 4 | 0 | _uhttp://www.gutenberg.org/ebooks/23914 |
| 942 | _cEB | ||
| 999 |
_c253169 _d253169 |
||